| 000 | 01000nam a22002537a 4500 | ||
|---|---|---|---|
| 001 | 5591 | ||
| 003 | FISKH | ||
| 005 | 20241219120123.0 | ||
| 008 | 241219b cb ||||| |||| 00| 0 eng d | ||
| 020 | _a9780545141024 | ||
| 040 |
_aFISKH _beng _cFISKH _dFISKH |
||
| 050 | _aPZ7.S643 | ||
| 082 | _a741.5 | ||
| 100 | _aSniegoski, Tom | ||
| 245 |
_aQuest for the spark : _bBook One / _cWritten By Tom Sniegoski : Illustrated By Jeff Smith : Color By Steve Hamaker |
||
| 260 |
_aNew York : _bScholastic ; _c2011. |
||
| 300 |
_a218 pages : _bcolor illustrations ; _c24 cm . |
||
| 490 |
_aBone _vBook 1 |
||
| 520 | _aTwelve-year-old Tom Elm, his raccoon friend Roderick, Percival, Abbey, and Barclay Bone, warrior-priest Randolf, and forest-woman Lorimar join in a quest to find the pieces of the Spark that can save Dreaming--and the Waking World--from a Darkness created by the Nacht. | ||
| 650 |
_afantasy _vFiction |
||
| 700 |
_aSmith, Jeff _eillustrator |
||
| 942 |
_2ddc _cBK _n0 |
||
| 999 |
_c5591 _d5591 |
||